Giáo trình tổ hợp /

Giáo trình tổ hợp là tài liệu rất hữu ích cho những người làm công tác nghiên cứu, ứng dụng và giảng dạy tin học; đặc biệt cho sinh viên tin học ở các trường đại học và cao đẳng.

Na minha lista:
Detalhes bibliográficos
Autor principal: Hoàng Chí Thành.
Formato: Livro
Idioma:Vietnamese
Publicado em: Hà Nội : Đại học Quốc gia Hà Nội, 1999.
Assuntos:
Tags: Adicionar Tag
Sem tags, seja o primeiro a adicionar uma tag!
Thư viện lưu trữ: Mạng thư viện Đại học Đà Nẵng
LEADER 01168cam a2200373 i 4500
001 000042929
003 804
005 20030918142754.0
008 010217b1999 vm 000 vie
020 |c 10800 
022 |a T 
040 |a IRC  |c IRC  |d IRC 
041 0 |a vie 
082 1 4 |a 005.131  |b HO-T 
100 1 |a Hoàng Chí Thành. 
245 0 0 |a Giáo trình tổ hợp /  |c Hoàng Chí Thành. 
260 |a Hà Nội :  |b Đại học Quốc gia Hà Nội,  |c 1999. 
300 |a 144tr. ;  |c 20cm. 
520 3 |a Giáo trình tổ hợp là tài liệu rất hữu ích cho những người làm công tác nghiên cứu, ứng dụng và giảng dạy tin học; đặc biệt cho sinh viên tin học ở các trường đại học và cao đẳng. 
630 0 4 |a Tin học. 
630 0 4 |a Tổ hợp. 
630 0 4 |a Toán tin. 
630 0 4 |a Computer algorithms. 
650 0 4 |a Tổ hợp, giáo trình (Toán tin học) 
OWN |a DUT 
999 |a From the UDN01 
TYP |a Monograph 
TYP |a Printed language 
980 |a Mạng thư viện Đại học Đà Nẵng